[Event "Unterfranken-ch HT 54th"]
[Site "Moembris"]
[Date "2003.04.23"]
[Round "5"]
[White "Dittmann, Ulrich"]
[Black "Rohe, Sebastian"]
[Result "1/2-1/2"]
[WhiteElo "1763"]
[BlackElo "1606"]
[PlyCount "62"]
[EventDate "2003.04.21"]
[EventType "swiss"]
[EventRounds "9"]
[EventCountry "GER"]
[SourceTitle "EXT 2015"]
[Source "ChessBase"]
[SourceDate "2014.11.20"]
[SourceVersion "1"]
[SourceVersionDate "2014.11.20"]
[SourceQuality "1"]

1. d4 d5 2. c4 c6 3. Nc3 Nf6 4. Bg5 e6 5. e3 Be7 6. Nf3 Nbd7 7. Bd3 h6 8. Bh4 0-0 9. 0-0 b6 10. Rc1 Bb7 11. a3 c5 12. cxd5 Nxd5 13. Bxe7 Qxe7 14. Ne4 cxd4 15. Nxd4 Rfc8 16. Qa4 Nc5 17. Nxc5 Rxc5 18. Rxc5 Qxc5 19. Nb3 Qe7 20. Rc1 a6 21. Qe4 g6 22. Qe5 Rc8 23. Rxc8+ Bxc8 24. Nd4 Qc7 25. Qxc7 Nxc7 26. Kf1 Bb7 27. g3 e5 28. Ne2 Kf8 29. Nc3 Ke7 30. Ke2 Kd6 31. f4 f5 1/2-1/2

[Event "Unterfranken-ch HT 54th"]
[Site "Moembris"]
[Date "2003.04.22"]
[Round "3"]
[White "Meyer, Christoph1111"]
[Black "Rohe, Sebastian"]
[Result "1/2-1/2"]
[WhiteElo "1604"]
[BlackElo "1606"]
[PlyCount "40"]
[EventDate "2003.04.21"]
[EventType "swiss"]
[EventRounds "9"]
[EventCountry "GER"]
[SourceTitle "EXT 2015"]
[Source "ChessBase"]
[SourceDate "2014.11.20"]
[SourceVersion "1"]
[SourceVersionDate "2014.11.20"]
[SourceQuality "1"]

1. c4 Nf6 2. g3 c5 3. Bg2 Nc6 4. Nc3 g6 5. d3 Bg7 6. e4 d6 7. Nge2 0-0 8. 0-0 Bd7 9. a3 Rb8 10. Rb1 Nd4 11. Nxd4 cxd4 12. Ne2 e5 13. b4 b5 14. Bd2 Qb6 15. Qc2 Rfc8 16. Rfc1 Bf8 17. h3 Be6 18. Qb3 Rc7 19. Rc2 Rbc8 20. Rbc1 a6 1/2-1/2

[Event "Unterfranken-ch HB 48th"]
[Site "Bergrheinfeld"]
[Date "1997.??.??"]
[Round "7"]
[White "Assmann, Armin"]
[Black "Rohe, Sebastian"]
[Result "1/2-1/2"]
[WhiteElo "1600"]
[BlackElo "1581"]
[PlyCount "70"]
[EventDate "1997.03.31"]
[EventType "swiss"]
[EventRounds "9"]
[EventCountry "GER"]
[SourceTitle "EXT 2015"]
[Source "ChessBase"]
[SourceDate "2014.11.20"]
[SourceVersion "1"]
[SourceVersionDate "2014.11.20"]
[SourceQuality "1"]

1. d4 Nf6 2. c4 g6 3. Nc3 d5 4. cxd5 Nxd5 5. e4 Nb6 6. Be3 Bg7 7. Nf3 Bg4 8. Be2 0-0 9. 0-0 N8d7 10. Qb3 Rc8 11. Rfd1 Bxf3 12. Bxf3 e6 13. Rac1 c6 14. a4 a5 15. Nb1 e5 16. d5 cxd5 17. Rxc8 Nxc8 18. Rxd5 Qc7 19. Qc3 Qxc3 20. Nxc3 Ndb6 21. Bxb6 Nxb6 22. Rxa5 Rc8 23. g3 Ra8 24. Rxa8+ Nxa8 25. Nd5 Bf8 26. Bg4 Bc5 27. Bc8 Nb6 28. Nxb6 Bxb6 29. Bxb7 Ba5 30. Kf1 Kf8 31. Ke2 Ke7 32. b3 Kd6 33. Bd5 f6 34. g4 g5 35. Kd3 Kc5 1/2-1/2

[Event "Unterfranken-ch HB 48th"]
[Site "Bergrheinfeld"]
[Date "1997.??.??"]
[Round "9"]
[White "Burzler, Anette"]
[Black "Rohe, Sebastian"]
[Result "0-1"]
[WhiteElo "1431"]
[BlackElo "1581"]
[PlyCount "82"]
[EventDate "1997.03.31"]
[EventType "swiss"]
[EventRounds "9"]
[EventCountry "GER"]
[SourceTitle "EXT 2015"]
[Source "ChessBase"]
[SourceDate "2014.11.20"]
[SourceVersion "1"]
[SourceVersionDate "2014.11.20"]
[SourceQuality "1"]

1. c4 e6 2. Nc3 Nf6 3. g3 d5 4. cxd5 exd5 5. Bg2 c6 6. e3 Bd6 7. a3 a5 8. Nge2 Bf5 9. 0-0 0-0 10. d3 Re8 11. b3 Nbd7 12. Bb2 Nc5 13. d4 Nce4 14. Qc1 h6 15. Re1 Qd7 16. a4 Bb4 17. Ba3 Qd6 18. Rd1 Re7 19. Nxe4 Nxe4 20. Bxb4 Qxb4 21. Qa3 Qxa3 22. Rxa3 Nd6 23. Nc3 Rae8 24. Ra2 g5 25. Rad2 Bg6 26. Bf3 f5 27. Re1 f4 28. Nd1 fxe3 29. Rxe3 Nf5 30. Rxe7 Rxe7 31. Kf1 Kf7 32. Kg2 h5 33. h3 Kf6 34. Nc3 Re1 35. Nd1 Nd6 36. Nc3 Rc1 37. Na2 Rb1 38. Bd1 Ne4 39. Re2 Rxd1 40. f3 Nd6 41. Nc3 Rxd4 0-1

[Event "Unterfranken-ch HB 48th"]
[Site "Bergrheinfeld"]
[Date "1997.??.??"]
[Round "4"]
[White "Rohe, Sebastian"]
[Black "Hirsch, Frank"]
[Result "1-0"]
[WhiteElo "1581"]
[BlackElo "1725"]
[PlyCount "59"]
[EventDate "1997.03.31"]
[EventType "swiss"]
[EventRounds "9"]
[EventCountry "GER"]
[SourceTitle "EXT 2015"]
[Source "ChessBase"]
[SourceDate "2014.11.20"]
[SourceVersion "1"]
[SourceVersionDate "2014.11.20"]
[SourceQuality "1"]

1. d4 d5 2. c4 dxc4 3. e4 Nf6 4. e5 Nfd7 5. Bxc4 e6 6. Nf3 Bb4+ 7. Nc3 0-0 8. Bg5 Qe8 9. a3 Bxc3+ 10. bxc3 c5 11. 0-0 Nb6 12. Bb3 cxd4 13. cxd4 Bd7 14. a4 a5 15. Bc2 Nd5 16. Qd3 g6 17. Bh6 f6 18. Bxf8 Qxf8 19. Bb3 Nc6 20. Rfe1 Ncb4 21. Qd2 Rc8 22. Rac1 Rb8 23. exf6 Qxf6 24. Ne5 Bc8 25. Bxd5 exd5 26. Qh6 Bf5 27. Rc7 Re8 28. Qxh7+ Kf8 29. g4 Be6 30. Nxg6+ 1-0

[Event "Unterfranken-ch HB 48th"]
[Site "Bergrheinfeld"]
[Date "1997.??.??"]
[Round "1"]
[White "Sauer, Daniel"]
[Black "Rohe, Sebastian"]
[Result "0-1"]
[WhiteElo "945"]
[BlackElo "1581"]
[PlyCount "60"]
[EventDate "1997.03.31"]
[EventType "swiss"]
[EventRounds "9"]
[EventCountry "GER"]
[SourceTitle "EXT 2015"]
[Source "ChessBase"]
[SourceDate "2014.11.20"]
[SourceVersion "1"]
[SourceVersionDate "2014.11.20"]
[SourceQuality "1"]

1. d4 Nf6 2. c4 g6 3. Nc3 Bg7 4. Nf3 d6 5. e4 0-0 6. Be2 Nbd7 7. 0-0 e5 8. Be3 Ng4 9. Qd2 Nxe3 10. Qxe3 exd4 11. Nxd4 Re8 12. Rad1 f5 13. Bd3 f4 14. Qxf4 Bxd4 15. Ne2 Bb6 16. Qh6 Ne5 17. Kh1 Rf8 18. f4 Ng4 19. Qg5 Qxg5 20. fxg5 Nf2+ 21. Rxf2 Rxf2 22. Ng1 Bg4 23. Re1 Raf8 24. e5 Rd2 25. Be4 dxe5 26. Bxb7 Bxg1 27. Kxg1 Rd1 28. Bd5+ Kg7 29. Rxd1 Bxd1 30. b4 Bc2 0-1